Formato MARC21
Registro MARC21
Arupos "Flor Zamorana"=001 M000791
=003 BDML
=005 20042026214731
=008 200426||||||||||||||||||||||||||||||||||
=031 ##$a1$b1$c1$gG-2$mRequinto$nxF$o2/4$p8-''6BAE'4B/8B''4xD8F/4AB/$2pe
=040 ##$aBDML$bspa$cBDML
=092 ##$aBDML$bBDML$cEC$dMs$0M000791
=100 1#$aOchoa Muñoz, Marco$d1918-1986$jCertificada
=245 10$aArupos "Flor Zamorana"$bPasacalle$h[música manuscrita]
=300 ##$a3 folios$c19 x 28 cm
=340 ##$dManuscrito
=348 ##$aPartitura
=382 ##$aBanda$bpiano
=384 0#$aSol# mayor
=500 ##$aDatos tomados del encabezado de la música. --Partitura escrita con tinta azul.
=545 0#$aMarco Antonio Ochoa Muñoz, músico y compositor lojano, se dedicó principalmente a la creación de repertorio popular, contribuyendo significativamente al desarrollo musical local y nacional. Rogelio Jaramillo (2011), en su libro Loja Cuna de Artistas, describe la biografía de varios compositores, incluyendo la de Marcos A. Ochoa Muñoz. Nació en Loja el 22 de octubre de 1918, hijo de Juan José Ochoa Serrano y Virginia Muñoz. Sus primeros estudios musicales los realizó con Agustín Vaca Flores y luego continuó en Quito con los profesores Pedro M. Noroña y Enrique Córdova, del Conservatorio Nacional de Música. Segundo Cueva Celi, conocido artista ecuatoriano, también fue fundamental en su formación. Ingresó al Conservatorio de Música de la Universidad de Loja, donde aprobó siete años de piano y las materias correspondientes. Asistió a dos cursos de Capacitación Profesional en Quito en 1961 y 1964, obteniendo los certificados respectivos.
=650 04$aMúsica para banda$ySiglo XX$zEcuador, Loja
=650 04$aPasacalles$ySiglo XX$zEcuador, Loja
=700 1#$aValarezo Figueroa, Carlos Manuel$d1911-1994$eArreglista
=773 1#$aOchoa Muñoz Marco$tArupos "Flor Zamorana"$wM000727
=852 ##$aMuseo de la Música Salvador Zaragocín Tapia$hAnexo 18 D